[Event "IECG QN.2005.0.00366"]
[Site "IECG email"]
[Date "2005.08.04"]
[Round "?"]
[White "Shaughnessy, Robert"]
[Black "Perlman, Seth Howard"]
[Result "0-1"]
[WhiteElo "688"]
[BlackElo "911"]
[PlyCount "51"]
[EventDate "2005.08.04"]
[EventType "tourn (corr)"]
[EventRounds "6"]
[SourceTitle "Corr 2008"]
[Source "ChessBase"]
[SourceDate "2008.06.24"]
[SourceVersion "1"]
[SourceVersionDate "2008.06.24"]
[SourceQuality "1"]

1. e4 e6 2. d4 d5 3. e5 c5 4. c4 cxd4 5. Qxd4 Nc6 6. Qf4 Bb4+ 7. Bd2 Nge7 8. a3 Bxd2+ 9. Nxd2 Ng6 10. Qg4 Ncxe5 11. Qd4 0-0 12. Ngf3 Nc6 13. Qd3 Nf4 14. Qc2 e5 15. g3 Ne6 16. 0-0-0 dxc4 17. Nxc4 Ncd4 18. Qd3 Nc5 19. Qc3 Ndb3+ 20. Kc2 Bf5+ 21. Bd3 e4 22. Qe5 exd3+ 23. Kb1 Be4 24. Ng5 Bxh1 25. Rxh1 f6 26. Qe4 0-1

[Event "IECG QN.2005.0.00366"]
[Site "IECG email"]
[Date "2005.08.04"]
[Round "?"]
[White "Shaughnessy, Robert"]
[Black "Werner, Peter"]
[Result "0-1"]
[WhiteElo "688"]
[BlackElo "800"]
[PlyCount "36"]
[EventDate "2005.08.04"]
[EventType "tourn (corr)"]
[EventRounds "6"]
[SourceTitle "Corr 2008"]
[Source "ChessBase"]
[SourceDate "2008.06.24"]
[SourceVersion "1"]
[SourceVersionDate "2008.06.24"]
[SourceQuality "1"]

1. e4 c5 2. d4 cxd4 3. Qxd4 d6 4. e5 Bd7 5. Nf3 Nc6 6. Qe3 dxe5 7. Nxe5 Qa5+ 8. Bd2 Qxe5 9. Qxe5 Nxe5 10. Be2 Rc8 11. Bf4 Ng6 12. Be3 Rxc2 13. Na3 Rxb2 14. Bxa7 Nf4 15. Bf3 e5 16. Nc4 Bb4+ 17. Kd1 Ba4+ 18. Kc1 Nd3# 0-1

[Event "IECG QN.2005.0.00366"]
[Site "IECG email"]
[Date "2005.08.04"]
[Round "?"]
[White "Werner, Peter"]
[Black "Shaughnessy, Robert"]
[Result "1-0"]
[WhiteElo "800"]
[BlackElo "688"]
[PlyCount "33"]
[EventDate "2005.08.04"]
[EventType "tourn (corr)"]
[EventRounds "6"]
[SourceTitle "Corr 2008"]
[Source "ChessBase"]
[SourceDate "2008.06.24"]
[SourceVersion "1"]
[SourceVersionDate "2008.06.24"]
[SourceQuality "1"]

1. e4 e5 2. Nf3 Nf6 3. Nc3 Nc6 4. Be2 Bc5 5. 0-0 a6 6. Nxe5 Nxe5 7. d4 Bxd4 8. Qxd4 d6 9. Bg5 c5 10. Qd2 h6 11. Bxf6 Qxf6 12. Rad1 Bd7 13. Qxd6 Qxd6 14. Rxd6 Rd8 15. Rfd1 Ke7 16. R6d5 f6 17. Rxc5 1-0

[Event "IECG QN.2004.0.00342 email"]
[Site "IECG email"]
[Date "2004.10.08"]
[Round "?"]
[White "Shaughnessy, Robert"]
[Black "Martin, Alonso"]
[Result "0-1"]
[WhiteElo "724"]
[BlackElo "800"]
[PlyCount "103"]
[EventDate "2004.10.08"]
[EventType "tourn (corr)"]
[EventRounds "6"]
[SourceTitle "Corr 2008"]
[Source "ChessBase"]
[SourceDate "2008.06.24"]
[SourceVersion "1"]
[SourceVersionDate "2008.06.24"]
[SourceQuality "1"]

1. e4 e5 2. Nf3 Nc6 3. d4 exd4 4. Nxd4 Nge7 5. Bc4 d6 6. 0-0 Nxd4 7. Qxd4 Nc6 8. Qd5 Be6 9. Qb5 Bxc4 10. Qxc4 Be7 11. Qb5 Rb8 12. Be3 a6 13. Qh5 0-0 14. Qg4 Bf6 15. Nc3 Ne5 16. Qg3 Bh4 17. Qf4 h6 18. Ba7 Ra8 19. Bd4 Bg5 20. Qg3 Nc6 21. Rad1 Nxd4 22. Rxd4 Bf6 23. Rb4 b6 24. Nd5 Re8 25. Nf4 a5 26. Rb5 Rxe4 27. Rf5 Bxb2 28. Qb3 Bf6 29. Qf3 Re5 30. Qg4 Rxf5 31. Qxf5 Qe8 32. Qg4 Qe4 33. Qf3 Re8 34. Qxe4 Rxe4 35. Nd5 Rc4 36. Ne3 Ra4 37. Nd5 Rxa2 38. Nxc7 Rxc2 39. Nd5 Bb2 40. Ne3 Rc6 41. Rb1 Ba3 42. g3 Bc5 43. Nd5 Kf8 44. Re1 Rc8 45. Kg2 a4 46. Nc3 Bb4 47. Ra1 Rxc3 48. Rxa4 Bc5 49. Ra8+ Ke7 50. Ra2 b5 51. Re2+ Kd7 52. Ra2 0-1

[Event "IECC M-4878"]
[Site "IECC email"]
[Date "2003.11.19"]
[Round "?"]
[White "Shaughnessy, Robert"]
[Black "Hay, George"]
[Result "1-0"]
[WhiteElo "1161"]
[BlackElo "1234"]
[PlyCount "91"]
[EventDate "2003.??.??"]
[EventType "tourn (corr)"]
[EventRounds "10"]
[SourceTitle "Corr 2020"]
[Source "ChessBase"]
[SourceDate "2019.09.30"]
[SourceVersion "1"]
[SourceVersionDate "2019.09.30"]
[SourceQuality "1"]
[WhiteTeam "United States"]
[BlackTeam "Canada"]
[WhiteTeamCountry "USA"]
[BlackTeamCountry "CAN"]

1. e4 c6 2. d4 d5 3. e5 e6 4. Nf3 c5 5. Nc3 Bd7 6. Be2 Nc6 7. 0-0 cxd4 8. Nxd4 Nxe5 9. Nf3 Bd6 10. Nb5 Nxf3+ 11. gxf3 Bb8 12. Re1 Qh4 13. f4 Nf6 14. Qd3 Ne4 15. Be3 g5 16. Bf3 Rg8 17. f5 Qg4+ 18. Bxg4 Nf6 19. Be2 g4 20. fxe6 fxe6 21. Qd4 Kf7 22. Rac1 a6 23. Na3 e5 24. Qd2 Bc6 25. c3 Ne4 26. Qd1 Nf6 27. Nc2 a5 28. Bc5 Bc7 29. Ne3 b6 30. Ba3 Rad8 31. Nf5 Rg5 32. Ng3 e4 33. Qd2 h6 34. Qd4 Rb8 35. Rc2 Be5 36. Qe3 Bd7 37. Rd2 Bf5 38. Bb5 Bc8 39. Bc6 Be6 40. Kg2 Rg7 41. Ne2 g3 42. fxg3 Ng4 43. Qg1 Nf6 44. Rf1 Kg8 45. Nd4 Bg4 46. Qe3 1-0

[Event "IECC M email"]
[Site "IECC email"]
[Date "2003.09.24"]
[Round "?"]
[White "Shaughnessy, Robert"]
[Black "Harper, Roy"]
[Result "0-1"]
[WhiteElo "1196"]
[BlackElo "1082"]
[PlyCount "84"]
[EventDate "2003.??.??"]
[EventType "tourn (corr)"]
[EventRounds "6"]
[SourceTitle "Corr 2008"]
[Source "ChessBase"]
[SourceDate "2008.06.24"]
[SourceVersion "1"]
[SourceVersionDate "2008.06.24"]
[SourceQuality "1"]

1. e4 e5 2. Nf3 d5 3. exd5 Qxd5 4. Nc3 Qa5 5. Bc4 Nc6 6. 0-0 Bg4 7. Bxf7+ Kxf7 8. Ng5+ Kg6 9. Qxg4 Nf6 10. Qg3 Re8 11. Nge4+ Kf7 12. Nxf6 gxf6 13. Qf3 Be7 14. Re1 Nd4 15. Qxb7 c6 16. Rb1 Qb6 17. Qd7 Reg8 18. Qh3 Nxc2 19. Re4 Rg7 20. Qh5+ Ke6 21. d3 Rhg8 22. g3 f5 23. Rc4 c5 24. Na4 Qa5 25. Be3 Nxe3 26. Qh6+ Kf7 27. Qxe3 Bd6 28. Rbc1 e4 29. dxe4 f4 30. Qb3 Ke8 31. Rd1 fxg3 32. hxg3 Rxg3+ 33. fxg3 Rxg3+ 34. Kf1 Rxb3 35. Rxd6 Rb4 36. Rxb4 Qxb4 37. Nc3 Qxb2 38. Nd5 Qb1+ 39. Ke2 Qxe4+ 40. Kd2 Qg2+ 41. Ke3 Qg3+ 42. Kd2 Qxd6 0-1

[Event "IECC Trio 787 email"]
[Site "IECC email"]
[Date "1999.09.01"]
[Round "?"]
[White "Shaughnessy, Robert"]
[Black "Mathes, Christian"]
[Result "1-0"]
[WhiteElo "1140"]
[BlackElo "1031"]
[PlyCount "92"]
[EventDate "1999.??.??"]
[EventType "tourn (corr)"]
[EventRounds "4"]
[SourceTitle "Corr 2008"]
[Source "ChessBase"]
[SourceDate "2008.06.24"]
[SourceVersion "1"]
[SourceVersionDate "2008.06.24"]
[SourceQuality "1"]

1. e4 e6 2. d4 d5 3. e5 c5 4. Nf3 Nc6 5. c3 Qb6 6. a3 c4 7. Be2 Bd7 8. 0-0 Nge7 9. Nbd2 Na5 10. Rb1 h6 11. Nh4 0-0-0 12. Nhf3 Nf5 13. b4 Nc6 14. a4 g6 15. a5 Qc7 16. Ra1 Bg7 17. a6 b6 18. Rb1 f6 19. b5 Nce7 20. g4 fxe5 21. gxf5 Nxf5 22. Nxe5 Bxe5 23. dxe5 Qxe5 24. Nf3 Qe4 25. Ba3 e5 26. Re1 Rhe8 27. Bf1 Qg4+ 28. Bg2 e4 29. Qxd5 Qxg2+ 30. Kxg2 Ne3+ 31. Rxe3 Bh3+ 32. Kxh3 Rxd5 33. Rbe1 Rxb5 34. Rxe4 Rh5+ 35. Kg4 Rxe4+ 36. Rxe4 Ra5 37. Rxc4+ Kd8 38. Rd4+ Kc8 39. Bf8 h5+ 40. Kg3 Rxa6 41. Rd6 Ra3 42. Rc6+ Kb7 43. Rxb6+ Kxb6 44. Bxa3 a5 45. c4 Kb7 46. h4 Kc7 1-0

[Event "IECG QN.1999.0.00068"]
[Site "IECG email"]
[Date "1999.07.19"]
[Round "?"]
[White "Shaughnessy, Robert"]
[Black "Liu, Raymond"]
[Result "1-0"]
[WhiteElo "800"]
[BlackElo "920"]
[PlyCount "73"]
[EventDate "1999.07.19"]
[EventType "tourn (corr)"]
[EventRounds "6"]
[SourceTitle "Corr 2008"]
[Source "ChessBase"]
[SourceDate "2008.06.24"]
[SourceVersion "1"]
[SourceVersionDate "2008.06.24"]
[SourceQuality "1"]

1. e4 e5 2. Nf3 Nc6 3. Nc3 Nf6 4. Bc4 Bc5 5. d3 d6 6. Bg5 h6 7. Bxf6 Qxf6 8. Nd5 Qd8 9. 0-0 Bg4 10. h3 Be6 11. a3 a6 12. b4 Ba7 13. c3 Qd7 14. d4 0-0-0 15. Qd3 b5 16. Bb3 exd4 17. cxd4 Bxh3 18. gxh3 Qxh3 19. Rfd1 h5 20. Rac1 Rh6 21. Ng5 Qg4+ 22. Kf1 Nxd4 23. Rxc7+ Kb8 24. Rxa7 Nxb3 25. Rxa6 Qd7 26. Nxf7 Qxf7 27. Qxb5+ Qb7 28. Rb6 Rd7 29. Qxd7 Qxb6 30. Nxb6 h4 31. Qxg7 Re6 32. Qg8+ Kb7 33. Qxe6 h3 34. Qc8+ Ka7 35. Rxd6 Nd2+ 36. Ke2 Nxe4 37. Qa8# 1-0

[Event "IECC O email"]
[Site "IECC email"]
[Date "1998.10.31"]
[Round "?"]
[White "Shaughnessy, Robert"]
[Black "Park, John J"]
[Result "1-0"]
[WhiteElo "1080"]
[BlackElo "1200"]
[PlyCount "87"]
[EventDate "1998.??.??"]
[EventType "tourn (corr)"]
[EventRounds "6"]
[SourceTitle "Corr 2008"]
[Source "ChessBase"]
[SourceDate "2008.06.24"]
[SourceVersion "1"]
[SourceVersionDate "2008.06.24"]
[SourceQuality "1"]

1. e4 e5 2. Nf3 Nc6 3. d4 Nxd4 4. Nxd4 exd4 5. Qxd4 d6 6. Bc4 Be6 7. 0-0 c5 8. Bb5+ Bd7 9. Qa4 Nf6 10. Bg5 Bxb5 11. Qxb5+ Qd7 12. Qxd7+ Nxd7 13. Nc3 f6 14. Nb5 fxg5 15. Nc7+ Kd8 16. Nxa8 Kc8 17. f4 Kb8 18. fxg5 Kxa8 19. a4 h6 20. gxh6 gxh6 21. Rad1 Kb8 22. Rd2 Ne5 23. b3 Rg8 24. g3 Kc7 25. Rdf2 Be7 26. Kg2 Ng4 27. Rf3 Bg5 28. Rf7+ Kc6 29. Kh3 Ne3 30. R1f2 Re8 31. c4 Rxe4 32. Rh7 Re7 33. Rxe7 Bxe7 34. Re2 Bg5 35. g4 a6 36. Kg3 b5 37. h4 Bf6 38. Rxe3 bxa4 39. bxa4 Kb6 40. Re6 Be5+ 41. Kf3 h5 42. gxh5 Ka5 43. Rxe5 dxe5 44. h6 1-0

[Event "IECC O email"]
[Site "IECC email"]
[Date "1998.10.31"]
[Round "?"]
[White "Shaughnessy, Robert"]
[Black "Thomas, Benjamin"]
[Result "1-0"]
[WhiteElo "1021"]
[BlackElo "1200"]
[PlyCount "57"]
[EventDate "1998.??.??"]
[EventType "tourn (corr)"]
[EventRounds "6"]
[SourceTitle "Corr 2008"]
[Source "ChessBase"]
[SourceDate "2008.06.24"]
[SourceVersion "1"]
[SourceVersionDate "2008.06.24"]
[SourceQuality "1"]

1. e4 c5 2. Nf3 e6 3. d4 cxd4 4. Nxd4 Nf6 5. Nc3 Bb4 6. Bd3 Nc6 7. Be3 Bxc3+ 8. bxc3 d5 9. Nxc6 bxc6 10. e5 Ne4 11. Qg4 Rg8 12. Bxe4 dxe4 13. Qxe4 Qd5 14. Qxd5 cxd5 15. Rb1 Ba6 16. Bxa7 Bc4 17. a4 Kd7 18. Rb7+ Ke8 19. Kd2 Rf8 20. Bc5 Ba6 21. Re7+ Kd8 22. Rb1 Kc8 23. Rb6 Rb8 24. Rxa6 Rb7 25. Rc6+ Kb8 26. Bd6+ Ka7 27. Rxb7+ Kxb7 28. Rc7+ Kb6 29. a5+ 1-0

[Event "IECC Quad 629 email"]
[Site "IECC email"]
[Date "1998.10.10"]
[Round "?"]
[White "Shaughnessy, Robert"]
[Black "Hutton, Andrew D"]
[Result "1-0"]
[WhiteElo "1045"]
[BlackElo "1093"]
[PlyCount "51"]
[EventDate "1998.??.??"]
[EventType "tourn (corr)"]
[EventRounds "6"]
[SourceTitle "Corr 2008"]
[Source "ChessBase"]
[SourceDate "2008.06.24"]
[SourceVersion "1"]
[SourceVersionDate "2008.06.24"]
[SourceQuality "1"]

1. e4 e5 2. Nf3 d6 3. Nc3 Nf6 4. Bc4 Be6 5. Bxe6 fxe6 6. d4 exd4 7. Nxd4 Qd7 8. 0-0 Nc6 9. Be3 g6 10. f4 Bh6 11. Qf3 Nxd4 12. Bxd4 Rf8 13. Rad1 Nh5 14. g3 0-0-0 15. Bxa7 e5 16. Nd5 b6 17. Bxb6 Nxf4 18. gxf4 Bxf4 19. Qe2 Kb7 20. Bxc7 Rc8 21. Qc4 Be3+ 22. Nxe3 Rxf1+ 23. Rxf1 Rxc7 24. Qb3+ Ka8 25. Rf8+ Rc8 26. Rf7 1-0

[Event "IECC Quad-629 email"]
[Site "IECC email"]
[Date "1998.10.10"]
[Round "?"]
[White "Shaughnessy, Robert"]
[Black "Mitchell, TT."]
[Result "1-0"]
[WhiteElo "1000"]
[BlackElo "892"]
[PlyCount "71"]
[EventDate "1998.??.??"]
[EventType "tourn (corr)"]
[EventRounds "6"]
[SourceTitle "Corr 2008"]
[Source "ChessBase"]
[SourceDate "2008.06.24"]
[SourceVersion "1"]
[SourceVersionDate "2008.06.24"]
[SourceQuality "1"]

1. e4 e5 2. Nf3 Nc6 3. d4 exd4 4. Ng5 Qe7 5. Bc4 Nh6 6. 0-0 d6 7. Bd5 Ne5 8. f4 c6 9. Bb3 Neg4 10. Qxd4 Bd7 11. h3 c5 12. Qd3 Nf6 13. Nc3 0-0-0 14. Be3 a6 15. Rad1 Bc6 16. Rfe1 Qc7 17. a4 a5 18. Nb5 Bxb5 19. Qxb5 Be7 20. Bxf7 Qc6 21. Be6+ Kc7 22. Qxa5+ Kb8 23. Bd5 Nxd5 24. Rxd5 Bxg5 25. fxg5 Nf7 26. Qc3 g6 27. Rf1 Ne5 28. Bxc5 dxc5 29. Qxe5+ Ka8 30. Rxc5 Qb6 31. Kh2 Qd6 32. Rc8+ Ka7 33. Qxd6 Rxc8 34. Rf7 Rhd8 35. Qb4 Ka6 36. Qxb7+ 1-0